Social Psychology (Record no. 13676)

MARC details
000 -LEADER
fixed length control field 00401nam a22001697a 4500
003 - CONTROL NUMBER IDENTIFIER
control field OSt
008 - FIXED-LENGTH DATA ELEMENTS--GENERAL INFORMATION
fixed length control field 250711b |||||||| |||| 00| 0 eng d
020 ## - INTERNATIONAL STANDARD BOOK NUMBER
International Standard Book Number 9789354438714
082 ## - DEWEY DECIMAL CLASSIFICATION NUMBER
Classification number 302.1 SIS
100 ## - MAIN ENTRY--PERSONAL NAME
Personal name SINGH, Arun kumar
245 ## - TITLE STATEMENT
Title Social Psychology
250 ## - EDITION STATEMENT
Edition statement 3rd. ed.
260 ## - PUBLICATION, DISTRIBUTION, ETC. (IMPRINT)
Place of publication, distribution, etc Delhi,
Name of publisher, distributor, etc PHI Learning Pvt. Ltd,
Date of publication, distribution, etc 2025,
300 ## - PHYSICAL DESCRIPTION
Extent 367 p.
650 ## - SUBJECT ADDED ENTRY--TOPICAL TERM
Topical term or geographic name as entry element Psychology
942 ## - ADDED ENTRY ELEMENTS (KOHA)
Source of classification or shelving scheme Dewey Decimal Classification
Koha item type Text Books
Holdings
Withdrawn status Lost status Source of classification or shelving scheme Damaged status Not for loan Collection code Home library Current library Date acquired Source of acquisition Currency Cost, normal purchase price Bill Number Total Checkouts Full call number Acc. no. / Barcode Date last seen Actual Cost, discounted price Bill Date Koha item type
    Dewey Decimal Classification     BA (Hons) Psychology PIET NCR College Library PIET NCR College Library 03/07/2025 Zafaa Books & Distributers In Rupees 895.00 ZBD0177   302.1 SIS N3925 11/07/2025 626.50 03/07/2025 Text Books

Design & Developed by: PIET Central Library
R70 Miles Stone Pattikalyana Samalkha Panipat 132102
mail ID :- [email protected], Phone No:- 0180-2569700 Ex.216